Design for manufacture competition (Record no. 104327)

MARC details
000 -LEADER
fixed length control field 01204cam a2200205 4500
001 - CONTROL NUMBER
control field L130010
008 - FIXED-LENGTH DATA ELEMENTS--GENERAL INFORMATION
fixed length control field 050614n2005 000 0 eng u
035 ## - SYSTEM CONTROL NUMBER
System control number (Sirsi) u130010
041 ## - LANGUAGE CODE
Language code of text/sound track or separate title eng
110 ## - MAIN ENTRY--CORPORATE NAME
Corporate name or jurisdiction name as entry element English Partnerships
9 (RLIN) 1764
245 ## - TITLE STATEMENT
Title Design for manufacture competition
260 ## - PUBLICATION, DISTRIBUTION, ETC.
Place of publication, distribution, etc. London
Name of publisher, distributor, etc. English Parterships
Date of publication, distribution, etc. 2005
520 ## - SUMMARY, ETC.
Summary, etc. The Design for manufacture competition aims to demonstrate that it is possible to build a high-quality home for a target construction cost of £60 000. English Partnerships runs the competition for the ODPM and provides, with other public bodies, the sites for the developments by successful bidders. The website explains the rationale behind the competition and sets out the full entry requirements. Presents question and answer sheets and factsheets, aerial photographs and site plans for each of the tranche one and two competition sites.
590 ## - LOCAL NOTE (RLIN)
Local note IKA040705
650 24 - SUBJECT ADDED ENTRY--TOPICAL TERM
Topical term or geographic name entry element Affordable housing
9 (RLIN) 6215
650 24 - SUBJECT ADDED ENTRY--TOPICAL TERM
Topical term or geographic name entry element DCLG DESIGN FOR MANUFACTURE COMPETITION
690 ## - LOCAL SUBJECT ADDED ENTRY--TOPICAL TERM (OCLC, RLIN)
Topical term or geographic name as entry element BUILT ENVIRONMENT-CONSTRUCTION MANAGEMENT
856 ## - ELECTRONIC LOCATION AND ACCESS
Uniform Resource Identifier <a href="https://www.designformanufacture.info/">https://www.designformanufacture.info/</a>
Public note View the website free of charge at www.designformanufacture.info
942 ## - ADDED ENTRY ELEMENTS (KOHA)
Suppress in OPAC 0
Holdings
Withdrawn status Lost status Source of classification or shelving scheme Damaged status Not for loan Home library Current library Shelving location Date acquired Total Checkouts Full call number Barcode Date last seen Copy number Price effective from Koha item type
    Dewey Decimal Classification     Virtual Virtual Online 14/06/2005   ONLINE PUBLICATION 130010-2001 06/08/2019 1 06/08/2019 Book